Đường mây qua xứ tuyết The way of the White Clouds

שמור ב:
מידע ביבליוגרפי
מחבר ראשי: Govinda, Anagarika
מחבר תאגידי: First News
מחברים אחרים: Nguyên Phong (Dịch)
פורמט: ספר
יצא לאור: Hà Nội Hồng Đức 2018
נושאים:
תגים: הוספת תג
אין תגיות, היה/י הראשונ/ה לתייג את הרשומה!
Thư viện lưu trữ: Trung tâm Học liệu Lê Vũ Hùng, Trường Đại học Đồng Tháp
LEADER 00811pam a22002538a 4500
001 00042723
005 20181017101013.0
008 170518s1992 ||||||Viesd
020 # # |c 96000  |a 9786048943196 
041 0 # |a Vie 
082 1 4 |a 294.3  |b Đ561M 
100 1 # |a Govinda, Anagarika 
245 1 0 |c Anagarika Govinda ; Nguyên Phong (dịch)  |b The way of the White Clouds  |a Đường mây qua xứ tuyết 
260 # # |a Hà Nội  |b Hồng Đức  |c 2018 
300 # # |a 316 tr.  |c 21 cm 
653 # # |a Phật giáo 
653 # # |a Tôn giáo 
653 # # |a Tây Tạng 
653 # # |a Trung Quốc 
700 1 # |a Nguyên Phong  |e Dịch 
710 # # |a First News 
852 # # |j KM.0026617 
910 |d 17/10/2018 
980 # # |a Trung tâm Học liệu Lê Vũ Hùng, Trường Đại học Đồng Tháp